Los Angeles : le mythe américain inachevé /

Saved in:
Bibliographic Details
Main Author: Ghorra-Gobin, Cynthia.
Format: Book
Language:French
Published: Paris : CNRS, c1997.
Subjects:
Tags: Add Tag
No Tags, Be the first to tag this record!
LEADER 00825nam a2200265 a 4500
001 007777611-9
005 20020606104010.5
008 980205s1997 fr b b 001 0 fre
010 |a  98111882  
020 |a 2271055105 
035 0 |a ocm38364474 
040 |a DLC  |c DLC 
043 |a n-us-ca 
050 0 0 |a F869.L84  |b G48 1997 
082 0 0 |a 917.94/94  |2 21 
100 2 |a Ghorra-Gobin, Cynthia. 
245 1 0 |a Los Angeles :  |b le mythe américain inachevé /  |c Cynthia Ghorra-Gobin. 
260 |a Paris :  |b CNRS,  |c c1997. 
300 |a 195 p. :  |b maps ;  |c 24 cm. 
504 |a Includes bibliographical references (p. 185-191) and index. 
650 0 |a Urbanization  |z California  |z Los Angeles  |x History. 
651 0 |a Los Angeles (Calif.)  |x Geography. 
650 0 |a Ethnic groups  |z California  |z Los Angeles. 
988 |a 20020608 
906 |0 DLC